1833 1470 1657 1386 1014 1919 1274 1459 1289 1636 1097 1681 1420 1291 1862 1441 1381 1803 1366 1515 1124 1329 1139 1048 1553 1726 1200 1400 1058 1758 1023 1615 1110 1442 1607 1858 1390 1129 1975 1957 1863 1178 1089 1683 1271 1068 1639 1699 1100 1225 1097 1438 1269 1015 1745 1772 1655 1670 1529 1893 1792 1095 1644 1179 1936 1452 1488 1519 1457 1001 1507 1810 1725 1907 1832 1054 1761 1053 1944 1148 1638 1911 1491 1885 1966 1150 1661 1634 1440 1639 1341 1895 1843 1506 1180 1665 1255 1946 1006 BCNSPRNW ULIB Ver.6.0+V

เปลี่ยนเป็นภาษาไทย

Change to English
 แสดงรายละเอียดบรรณานุกรม
  กลับหน้าหลัก

Brief Record : Get Marc (ISO 2709) : E-mail record : QR code < ปิดหน้าต่าง
LEADER : 00000nam 2200000uu 4500
001    13399114544
003     ULIB
008    120412s2550||||th 000 0 tha d
020    ^a9749479408
090    ^aนว.^bก478ผ 2550
100 0  ^aLittle Mermaid
245 00 ^aแผนรักรสเบเกอรี่ Bakery of love/^cLittle Mermaid
250    ^aพิมพ์ครั้งที่ 1
260    ^aกรุงเทพฯ :^bอมรินทร์ บุ๊ค เซ็นเตอร์,^c2550
300    ^a238 หน้า
945    ^p149^l0^i14063
995    ^aกัณชพร
999    ^aใช้งานได้ทุกระบบ
รายการนี้ยังไม่มีแท็ก
คุณยังไม่ได้ล็อกอิน คุณสามารถมีกิจกรรมร่วมกับเว็บไซต์ได้ แต่ต้องล็อกอินก่อน ::
  ล็อกอิน

รายการสื่อสารสนเทศ

ลำดับที่ ประเภท เลขเรียก/บาร์โค้ด สถานที่ สถานะ
1. นวนิยาย
นวนิยาย
นว. ก478ผ 2550  
  Barcode: 14063
ห้องสมุดวิทยาเขตสวรรค์ประชารักษ์
►นวนิยาย
บนชั้น
  ขอยืม

BibComment


ยังไม่เคยถูกคอมเมนท์

คอมเมนท์ทรัพยากรรายการนี้
  คอมเมนท์: แผนรักรสเบเกอรี่..


 Copyright 2026. Bcnsprnw @Library